[Event "Athens Siaperas Memorial 6th"]
[Site "Athens"]
[Date "2010.02.27"]
[Round "7"]
[White "Markantonaki, Haritomeni"]
[Black "Dounis, Nikolaos"]
[Result "1-0"]
[WhiteElo "2115"]
[BlackElo "1808"]
[PlyCount "61"]
[EventDate "2010.02.06"]
[EventType "swiss"]
[EventRounds "7"]
[EventCountry "GRE"]
[SourceTitle "EXT 2024"]
[Source "ChessBase"]
[SourceDate "2023.10.10"]
[SourceVersion "1"]
[SourceVersionDate "2023.10.10"]
[SourceQuality "1"]

1. e4 e5 2. Nf3 Nc6 3. Bb5 a6 4. Ba4 Nf6 5. 0-0 Be7 6. Re1 b5 7. Bb3 d6 8. c3 0-0 9. a4 Bg4 10. d3 Na5 11. Bc2 c5 12. Nbd2 Nc6 13. Nf1 d5 14. Qe2 d4 15. h3 Be6 16. axb5 axb5 17. Rxa8 Qxa8 18. cxd4 Nxd4 19. Nxd4 cxd4 20. f4 exf4 21. Bxf4 Rc8 22. Ng3 Nd7 23. Nf5 Bxf5 24. exf5 Bb4 25. Rf1 Qd5 26. Qd1 Qa2 27. Bb3 Qa7 28. f6 Nxf6 29. Be5 Qe7 30. Bxf6 Qe3+ 31. Kh1 1-0